000 00630nas a2200217 4500
001 BR9502930
003 BR-BrBNA
005 20231205094041.0
007 ta
008 230509b bl.|||p| |||| 00| 00por d
040 _aBR-BrBNA
_bpor
_cBiblioteca Nacional de Agricultura
041 _a(Pt)
072 _aF01
100 1 _aFurlani Neto, V.L.
245 1 _aCultivo mecanico de soqueiras da cana-de-acucar
650 _aCana de Acucar
650 _aCultivo da Soca
773 0 _tSTAB (Brazil)
_xISSN 0102-1214
_g(Jan-Feb 1991), v. 9(3) p. 15-17
_wBR9502930
909 _a202311
_bLúcia
_c55
_dLúcia Elande
942 _2AGRIS
_n0
_cANA
999 _c141762
_d141762